| 000 | 00844cam a22002412 4500 | ||
|---|---|---|---|
| 001 | 31003 | ||
| 003 | BD-RjUL | ||
| 005 | 20211209051641.0 | ||
| 008 | 140413s1963 pk 000 0 eng | ||
| 035 | _a(BD-RjUL)31090 | ||
| 040 |
_aDLC _cCarP _dDLC _dBD-RjUL _beng |
||
| 041 | _aeng | ||
| 082 |
_a954 _bCHR V-2 1963 |
||
| 245 | 1 | 2 |
_aA chronology of Muslim India, (1932-1947) / _cCompiled by sayed ali Abbas by M. Rafique Mughal. With a foreword by Shaikh Abdur Rashid. _nVolume II |
| 260 |
_aLahore : _bDept. of History, Panjab University, _c1963. |
||
| 300 |
_aviii,142 p. ; _c22 cm. |
||
| 650 | 0 |
_aMuslims _zIndia _xHistory. [from old catalog] _994247 |
|
| 651 | 0 |
_aIndia _xHistory _yBritish occupation, 1765-1947 _xChronology. _994248 |
|
| 700 |
_aAbbas, Sayed Ali. _994249 |
||
| 942 |
_2ddc _cBK |
||
| 999 |
_c31003 _d31003 |
||